000 00765nam a2200253Ia 4500
003 OSt
005 20221005050751.0
006 a|||||r|||| 00| 0
007 ta
008 221004b |||||||| |||| 00| 0 san d
020 _c115
024 _a16359
037 _b4312, 17/01/2015, Meharchand Lachhmandas Publications
_cTextual
040 _aCRL
_cCRL
_bsan
041 _2san
_asan
082 _aO15,1F75,1, N8.2
100 _aHarsh
245 0 _aNashdhiyacharitam
260 _aLalknow
_bUttar Pradesh Sanskrit Sansthan India
_c1998
300 _a599, 992p.
_ccm.
650 _aSANSKRIT LITERATURE
942 _hO15,1F75,1, N8.2
_cTEXL
_2cc
999 _c957693
_d957693